000 00722nam a22002417a 4500
005 20200104041731.0
008 150803b2009 ck ||||| |||| 00| 0 spa d
020 _a9789588293462
040 _aCO-BoIAVH
_cCO-BoIAVH
041 _aspa
044 _ack
082 _a344.046
_bV732n
100 _aBenjamin Villegas
_936327
245 _aNuestra Ley, Nuestro Sistema, SINA 15 Años
_bEdición Especial Ley 99 de 1993
260 _aBogotá:
_bBenjamín Villegas,
_c2009.
300 _a189 p.
_c28. cm.
650 _aLey 99 de 1993
_936328
650 _aNormatividad Ambiental
_95792
650 _aGestion Ambiental
_936329
650 _aProtección del Medio Ambiente
_9271
662 _aColombia
942 _2ddc
_cLIBRO
999 _c17628
_d17628